Microelectronic Circuits (Record no. 612662)

000 -LEADER
fixed length control field 00350nam a22001337a 4500
020 ## - INTERNATIONAL STANDARD BOOK NUMBER
International Standard Book Number 9780195116908
040 ## - CATALOGING SOURCE
Transcribing agency Nust
082 ## - DEWEY DECIMAL CLASSIFICATION NUMBER
Classification number 621.38153
Author Mark SED
100 ## - MAIN ENTRY--PERSONAL NAME
Personal name K C Sedra
9 (RLIN) 127579
245 ## - TITLE STATEMENT
Title Microelectronic Circuits
260 ## - PUBLICATION, DISTRIBUTION, ETC.
Place of publication, distribution, etc. New York:
Name of publisher, distributor, etc. Oxford University Press Inc,
Date of publication, distribution, etc. 1998.
650 ## - SUBJECT ADDED ENTRY--TOPICAL TERM
Topical term or geographic name entry element Microelectronic Circuits
9 (RLIN) 91903
942 ## - ADDED ENTRY ELEMENTS (KOHA)
Source of classification or shelving scheme
Koha item type Book
Holdings
Withdrawn status Lost status Source of classification or shelving scheme Damaged status Not for loan Permanent Location Current Location Shelving location Date acquired Total Checkouts Full call number Barcode Date last seen Price effective from Koha item type
          College of Electrical & Mechanical Engineering (CEME) College of Electrical & Mechanical Engineering (CEME) General Stacks 01/15/2025   621.38153 SED CEME- 335735 01/15/2025 01/15/2025 Book
          College of Electrical & Mechanical Engineering (CEME) College of Electrical & Mechanical Engineering (CEME) General Stacks 01/15/2025   621.38153 SED CEME- 335736 01/15/2025 01/15/2025 Book
          College of Electrical & Mechanical Engineering (CEME) College of Electrical & Mechanical Engineering (CEME) General Stacks 01/15/2025   621.38153 SED CEME- 335737 01/15/2025 01/15/2025 Book
          College of Electrical & Mechanical Engineering (CEME) College of Electrical & Mechanical Engineering (CEME) General Stacks 01/15/2025   621.38153 SED CEME- 335738 01/15/2025 01/15/2025 Book
          College of Electrical & Mechanical Engineering (CEME) College of Electrical & Mechanical Engineering (CEME) General Stacks 01/15/2025   621.38153 SED CEME- 335739 01/15/2025 01/15/2025 Book
© 2023 Central Library, National University of Sciences and Technology. All Rights Reserved.